Sherlock Holmes (Registro nro. 240138)

Detalles MARC
000 -ENCABEZADO
Número de control [NR] 02422 a2200337 4500
005 - FECHA Y HORA DE LA ÚLTIMA TRANSACCIÓN
control field 20140904101349.0
008 - DE LONGITUD FIJA DE DATOS DE ELEMENTOS - INFORMACIÓN GENERAL
Elementos de longitud fija [NR] 140311s2009 ag g 0 m mul d
040 ## - FUENTE DE CATALOGACION [NR]
Agencia de catalogación original [NR] CO-BoUCM
Idioma de catalogación [NR] spa
Quien Cataloga Jose A. Gerena (modificó)
Quien Clasifica Aldemar Mondragón
041 ## - CODIGO DE IDIOMA [R]
Código de idioma para texto/pista de sonido o título separado [R] Inglés
041 ## - CODIGO DE IDIOMA [R]
Código de idioma para texto/pista de sonido o título separado [R] Español
092 ## - SIGNATURA TOPOGRAFICA LOCAL
Número de clasificación local DVD 1339
245 00 - MENCION DE TITULO [NR]
Título [NR] Sherlock Holmes
Mención de responsabilidad, etc. [NR] Guy Ritchie, director
Medio físico [NR] [DVD]
260 ## - PUBLICACION, DISTRIBUCION, ETC. (PIE DE IMPRENTA) [R]
Lugar de publicación, distribución, etc. [R] Buenos Aires (Argentina)
Nombre del editor, distribuidor, etc. [R] Warner Bros.
Fecha de publicación, distribución, etc. [R] 2009
300 ## - DESCRIPCION FISICA [R]
Extensión [R] 1 DVD, 129 minutos
Otros detalles físicos [NR] imagen, sonido, color
500 ## - NOTA GENERAL [R]
Nota general [NR] SINOPSIS: Finalmente, después de la captura de un asesino en serie y oculto "brujo" Lord Blackwood, el legendario detective Sherlock Holmes y su ayudante el Dr. Watson pueden cerrar un caso más con éxito. Pero cuando Blackwood misteriosamente regresa de la tumba y se reanuda su matanza, Holmes debe afrontar la caza, una vez más. Lidiar con la nueva novia de su compañero, el detective intrépido debe desentrañar las pistas que le conducirán a una red trenzada de homicidios, engaños y magia negra - entre el abrazo mortal de la tentadora Irene Adler
508 ## - NOTA DE CREDITOS DE CREACION/PRODUCCION [R]
Nota de créditos de creación/producción [NR] CRÉDITOS: Dirigida por Guy Ritchie ; guion por Michael Robert Johnson y Anthony Peckham ; música por Hans Zimmer ; fotografía por Philippe Rousselot ; diseño de producción por Sarah Greenwood ; dirección de arte por James Foster ; ambientación por Katie Spencer ; vestuario por Jenny Beavan
511 0# - NOTA DE PARTICIPANTE O INTERPRETE [R]
Nota de participante o intérprete [NR] REPARTO: Robert Downey Jr., Jude Law, Rachel McAdams, Mark Strong, Eddie Marsan, Robert Maillet, Geraldine James, Kelly Reilly, William Houston, Hans Matheson
520 ## - NOTA DE RESUMEN, ETC. [R]
Nota de sumario, etc. [NR] Basada en personajes de la novela del mismo nombre de Arthur Conan Doyle
546 ## - NOTA DE IDIOMA [R]
Nota de idioma [NR] Audio en inglés, francés y español. Subtítulos en inglés, francés y español
586 ## - NOTA DE PREMIOS [R]
Nota de premios [NR] Ganadora de un premio Golden Globes, 2010 (mejor actuación de un actor en una película - comedia o musical)
650 #7 - ASIENTO SECUNDARIO DE MATERIA - TERMINO TEMATICO [R]
9 (RLIN) 7903
Término temático o nombre geográfico como elemento de entrada [NR] Películas cinematográficas
Subdivisión de forma [R] DVD
650 #7 - ASIENTO SECUNDARIO DE MATERIA - TERMINO TEMATICO [R]
9 (RLIN) 51342
Término temático o nombre geográfico como elemento de entrada [NR] Películas de acción
Subdivisión de forma [R] DVD
690 ## - ASUNTO AGREGADO LOCAL DE ENTRADA - TÉRMINO TEMÁTICO (OCLC, RLIN)
9 (RLIN) 42805
Acceso temático local Entretenimiento
700 1# - ASIENTO SECUNDARIO - NOMBRE PERSONAL [R]
Nombre personal [NR] Ritchie, Guy
Término de relación [R] director
9 (RLIN) 58226
710 2# - ASIENTO SECUNDARIO - NOMBRE CORPORATIVO [R]
Nombre corporativo o de jurisdicción como elemento de entrada [NR] Warner Bros.
9 (RLIN) 53187
710 2# - ASIENTO SECUNDARIO - NOMBRE CORPORATIVO [R]
Nombre corporativo o de jurisdicción como elemento de entrada [NR] Village Roadshow Pictures
9 (RLIN) 58227
710 2# - ASIENTO SECUNDARIO - NOMBRE CORPORATIVO [R]
Nombre corporativo o de jurisdicción como elemento de entrada [NR] Silver Pictures
9 (RLIN) 58228
765 0# - ASIENTO DE IDIOMA ORIGINAL [R]
Título [NR] Sherlock Holmes
856 40 - LOCALIZACION Y ACCESO ELECTRONICOS [R]
Identificador Uniforme del Recurso (“URI”) [R] <a href="https://www.youtube.com/watch?v=J7nJksXDBWc">https://www.youtube.com/watch?v=J7nJksXDBWc</a>
Nota dirigida al público [R] Siga este enlace para ver el trailer
-- Trailer tomado del canal MOVIECLIPS Classic Trailers vía YouTube.com
942 ## - ELEMENTOS DE ENTRADA AGREGADOS (KOHA)
Source of classification or shelving scheme LOCAL
Tema principal Entretenimiento
Koha item type Multimedia
Edition 1
Classification part DVD 1339
Existencias
Suprimido Perdido Sistema de clasificación Dañado No prestable Tipo de ítem específico Ubicación habitual Ubicación actual Localización Fecha de creación Proveedor Forma de adquisición Costo Signatura topográfica Código de barras Última vez visto Ejemplar Costo de reposición Price effective from Tipo de ítem Total préstamos Total Renewals Fecha de último préstamo
    LOCAL     DVD Claustro Claustro Colección digital 11/03/2014   Donación 26000.00 DVD 1339 100141140 10/12/2024 Ej.2   11/03/2014 Multimedia 6 2 13/06/2019
    LOCAL   Préstamo restringido DVD Procesos Técnicos (no para préstamo) Procesos Técnicos (no para préstamo) Procesos Técnicos 18/02/2014 12 Donación 26000.00 DVD 1339 100141133 09/12/2025 Ej.1 26000.00 18/02/2014 Multimedia